[Event "Helsinki MatSK Weekend"]
[Site "Helsinki"]
[Date "2018.02.23"]
[Round "1"]
[White "Tuominen, Risto"]
[Black "Wartiovaara, Oliver"]
[Result "1-0"]
[WhiteElo "2298"]
[BlackElo "2035"]
[PlyCount "63"]
[EventDate "2018.02.23"]
[EventType "swiss"]
[EventRounds "7"]
[EventCountry "FIN"]
[SourceTitle "EXT 2019"]
[Source "ChessBase"]
[SourceDate "2018.10.10"]
[SourceVersion "1"]
[SourceVersionDate "2018.10.10"]
[SourceQuality "1"]

1. Nf3 Nf6 2. c4 g6 3. Nc3 Bg7 4. e4 c5 5. d4 cxd4 6. Nxd4 d6 7. Be2 0-0 8. 0-0 Nc6 9. Nc2 Be6 10. Bd2 Rc8 11. Rc1 Nd7 12. b3 Nc5 13. f3 Nd4 14. Nxd4 Bxd4+ 15. Kh1 f5 16. exf5 Bxf5 17. Bg5 Bf6 18. Bxf6 Rxf6 19. Nd5 Rf8 20. b4 Nd7 21. Qd4 a5 22. a3 e5 23. Qd2 Nf6 24. Ne3 Be6 25. Rfd1 Ne8 26. c5 axb4 27. axb4 Rf7 28. Bb5 Nc7 29. Qxd6 Qxd6 30. Rxd6 Nxb5 31. Rxe6 Rf4 32. Nd5 1-0

[Event "Turku We TuTS A"]
[Site "Turku"]
[Date "2017.12.09"]
[Round "3"]
[White "Tuominen, Risto"]
[Black "Paasikangas Tella, Johanna"]
[Result "1/2-1/2"]
[WhiteElo "2287"]
[BlackElo "2246"]
[PlyCount "166"]
[EventDate "2017.12.08"]
[EventType "swiss"]
[EventRounds "5"]
[EventCountry "FIN"]
[SourceTitle "EXT 2022"]
[Source "ChessBase"]
[SourceDate "2021.10.06"]
[SourceVersion "1"]
[SourceVersionDate "2021.10.06"]
[SourceQuality "1"]

1. b3 d5 2. Bb2 c5 3. e3 Nc6 4. Nf3 Nf6 5. Bb5 Bg4 6. 0-0 e6 7. c4 a6 8. Bxc6+ bxc6 9. d3 Be7 10. Nbd2 0-0 11. Rc1 Nd7 12. h3 Bh5 13. Re1 e5 14. g4 Bg6 15. cxd5 cxd5 16. e4 d4 17. Nc4 Bg5 18. Rc2 Bf4 19. Bc1 Qf6 20. Bxf4 Qxf4 21. Kg2 h5 22. Nh4 hxg4 23. Qxg4 Qxg4+ 24. hxg4 Bh7 25. Kg3 g6 26. Nd6 a5 27. Nf3 Ra6 28. Nb7 Ra7 29. Nd6 f6 30. Rec1 Kg7 31. Nd2 Bg8 32. Nb5 Rb7 33. a4 Rb6 34. Nc4 Bxc4 35. bxc4 f5 36. g5 fxe4 37. dxe4 Rf4 38. f3 Nf8 39. Rb2 Nh7 40. Nxd4 Rxb2 41. Ne6+ Kf7 42. Nxf4 exf4+ 43. Kxf4 Nf8 44. Ke5 Ke7 45. f4 Nd7+ 46. Kd5 Rf2 47. Rb1 Rxf4 48. Rb7 Rf2 49. Kc6 Rd2 50. e5 Ke6 51. Ra7 Rd4 52. Rxa5 Rxc4 53. Ra8 Nxe5+ 54. Kb5 Rc1 55. a5 Kd6 56. Rd8+ Nd7 57. a6 Rb1+ 58. Kc4 Rb4+ 59. Kc3 Ra4 60. Ra8 Nb6 61. Rg8 Rxa6 62. Rxg6+ Ke5 63. Kc2 Kf5 64. Rc6 Kxg5 65. Rxc5+ Kf4 66. Rc6 Ke4 67. Rh6 Kd4 68. Rh4+ Kc5 69. Rh8 Ra3 70. Kd2 Nd5 71. Rh5 Rg3 72. Ke2 Kd4 73. Rh4+ Ke5 74. Rh8 Ke4 75. Re8+ Kd4 76. Ra8 Nc3+ 77. Kf2 Ne4+ 78. Ke2 Rg2+ 79. Kf3 Rg3+ 80. Kf4 Rg6 81. Ra4+ Kd5 82. Rxe4 Rg4+ 83. Kxg4 Kxe4 1/2-1/2

[Event "FIN-chT 1718"]
[Site "Finland"]
[Date "2017.12.02"]
[Round "5.4"]
[White "Kivisto, Mikko"]
[Black "Tuominen, Risto"]
[Result "1/2-1/2"]
[WhiteElo "2257"]
[BlackElo "2283"]
[PlyCount "63"]
[EventDate "2017.09.16"]
[EventType "team-tourn"]
[EventRounds "11"]
[EventCountry "FIN"]
[SourceTitle "EXT 2019"]
[Source "ChessBase"]
[SourceDate "2018.10.10"]
[SourceVersion "1"]
[SourceVersionDate "2018.10.10"]
[SourceQuality "1"]
[WhiteTeam "Espoo MatSK"]
[BlackTeam "Turku TuTS"]
[WhiteTeamCountry "FIN"]
[BlackTeamCountry "FIN"]

1. e4 e5 2. Nc3 Nc6 3. g3 Bc5 4. d3 d6 5. Na4 Bb6 6. Nxb6 axb6 7. Bg2 Nf6 8. Ne2 0-0 9. 0-0 Re8 10. c4 Bd7 11. h3 Nb4 12. Nc3 h6 13. f4 exf4 14. gxf4 c6 15. a3 Na6 16. d4 Nh7 17. Kh2 Nc7 18. Be3 Qh4 19. Qe1 Qxe1 20. Raxe1 f5 21. d5 c5 22. Bc1 b5 23. cxb5 fxe4 24. Bxe4 Nxb5 25. Bg6 Rxe1 26. Rxe1 Nf8 27. Nxb5 Bxb5 28. Bf5 Kf7 29. Bd2 g6 30. Be6+ Nxe6 31. dxe6+ Ke7 32. f5 1/2-1/2

[Event "FIN-chT 1718"]
[Site "Finland"]
[Date "2017.10.21"]
[Round "3.4"]
[White "Niemi, Kalle"]
[Black "Tuominen, Risto"]
[Result "0-1"]
[WhiteElo "2322"]
[BlackElo "2283"]
[PlyCount "120"]
[EventDate "2017.09.16"]
[EventType "team-tourn"]
[EventRounds "11"]
[EventCountry "FIN"]
[SourceTitle "EXT 2019"]
[Source "ChessBase"]
[SourceDate "2018.10.10"]
[SourceVersion "1"]
[SourceVersionDate "2018.10.10"]
[SourceQuality "1"]
[WhiteTeam "Salo SalSK"]
[BlackTeam "Turku TuTS"]
[WhiteTeamCountry "FIN"]
[BlackTeamCountry "FIN"]

1. e4 e5 2. Nf3 Nc6 3. d4 exd4 4. Nxd4 Qf6 5. Nxc6 Bc5 6. Qf3 dxc6 7. Nc3 Be6 8. Qg3 0-0-0 9. Be3 Bxe3 10. Qxe3 Kb8 11. Bd3 Ne7 12. f4 Qh6 13. 0-0 Rhe8 14. Rae1 Bc8 15. Qf2 f5 16. exf5 Nxf5 17. Ne4 g6 18. Ng5 Qg7 19. Bxf5 Bxf5 20. c3 h6 21. Rxe8 Rxe8 22. Nf3 Re4 23. Re1 Qd7 24. Rxe4 Bxe4 25. Qd4 Qxd4+ 26. Nxd4 c5 27. Ne2 b5 28. Kf2 Kb7 29. g4 Kc6 30. Ke3 Bb1 31. a3 a5 32. Ng3 Kd5 33. h4 Kc4 34. f5 gxf5 35. gxf5 Kb3 36. Ne4 Kxb2 37. c4 Bxe4 38. Kxe4 bxc4 39. f6 c3 40. f7 c2 41. f8Q c1Q 42. Qb8+ Kxa3 43. Qxc7 Qc4+ 44. Kf5 a4 45. Kg6 Qg4+ 46. Kh7 Qe4+ 47. Kg7 Qd4+ 48. Kh7 c4 49. Qe7+ Ka2 50. Kxh6 c3 51. Qf7+ Kb2 52. Qb7+ Kc2 53. h5 a3 54. Qf7 Qb6+ 55. Kg7 Kb2 56. h6 c2 57. h7 c1Q 58. h8Q Qd4+ 59. Kh7 Qh1+ 60. Kg6 Qhxh8 0-1

[Event "Tampere We TammerSh A"]
[Site "Tampere "]
[Date "2017.10.01"]
[Round "4"]
[White "Keinanen, Toivo"]
[Black "Tuominen, Risto"]
[Result "1-0"]
[WhiteElo "2297"]
[BlackElo "2283"]
[PlyCount "93"]
[EventDate "2017.09.30"]
[EventType "swiss"]
[EventRounds "4"]
[EventCountry "FIN"]
[SourceTitle "EXT 2022"]
[Source "ChessBase"]
[SourceDate "2021.10.06"]
[SourceVersion "1"]
[SourceVersionDate "2021.10.06"]
[SourceQuality "1"]

1. d4 Nf6 2. c4 b6 3. f3 d6 4. e4 c5 5. Ne2 g6 6. Be3 Bg7 7. Nbc3 0-0 8. Qd2 Nc6 9. 0-0-0 a6 10. Kb1 cxd4 11. Nxd4 Nxd4 12. Bxd4 Be6 13. h4 h5 14. Be2 b5 15. Nd5 bxc4 16. Bxc4 Nxd5 17. Bxg7 Kxg7 18. Bxd5 Bxd5 19. Qxd5 Rb8 20. Qd4+ Kh7 21. Rc1 Qa5 22. Rc4 Rb5 23. Ra4 Qb6 24. Qxb6 Rxb6 25. Rc1 Rfb8 26. b3 R8b7 27. Kc2 Kg7 28. Kd3 f5 29. Rc8 fxe4+ 30. fxe4 Ra7 31. Rac4 Rb5 32. Re8 d5 33. exd5 Rxd5+ 34. Rd4 Rxd4+ 35. Kxd4 Rd7+ 36. Kc5 Rc7+ 37. Kb6 Rc2 38. a4 Kf7 39. Rb8 Rxg2 40. Kxa6 e5 41. b4 Rg4 42. a5 e4 43. b5 e3 44. Rc8 Rd4 45. Rc1 e2 46. Re1 Rd2 47. b6 1-0

[Event "Naantali Avoin op"]
[Site "Naantali"]
[Date "2017.07.04"]
[Round "2"]
[White "Tuominen, Risto"]
[Black "Puuska, Heini"]
[Result "1-0"]
[WhiteElo "2288"]
[BlackElo "1928"]
[PlyCount "65"]
[EventDate "2017.07.03"]
[EventType "swiss"]
[EventRounds "7"]
[EventCountry "FIN"]
[SourceTitle "EXT 2018"]
[Source "ChessBase"]
[SourceDate "2017.10.13"]
[SourceVersion "1"]
[SourceVersionDate "2017.10.13"]
[SourceQuality "1"]

1. Nf3 Nf6 2. b3 c5 3. Bb2 d6 4. e3 Bg4 5. Be2 Nc6 6. d4 cxd4 7. exd4 e6 8. c4 d5 9. 0-0 Be7 10. Ne5 Bxe2 11. Qxe2 Rc8 12. Nxc6 Rxc6 13. c5 b6 14. b4 bxc5 15. dxc5 0-0 16. Nd2 d4 17. Nb3 d3 18. Qe5 Qb8 19. a3 Rd8 20. Rad1 Qc8 21. Rd2 Rd5 22. Qg3 Nh5 23. Qf3 Rf5 24. Qxd3 Bg5 25. Rdd1 Nf4 26. Qe4 e5 27. Rd6 Rxd6 28. cxd6 Ng6 29. Nc5 Rf4 30. d7 Qd8 31. Qd3 e4 32. Nxe4 Rg4 33. Qc3 1-0

[Event "Naantali Avoin op"]
[Site "Naantali"]
[Date "2017.07.03"]
[Round "1"]
[White "Haanila, Erkki"]
[Black "Tuominen, Risto"]
[Result "0-1"]
[WhiteElo "1898"]
[BlackElo "2288"]
[PlyCount "84"]
[EventDate "2017.07.03"]
[EventType "swiss"]
[EventRounds "7"]
[EventCountry "FIN"]
[SourceTitle "EXT 2018"]
[Source "ChessBase"]
[SourceDate "2017.10.13"]
[SourceVersion "1"]
[SourceVersionDate "2017.10.13"]
[SourceQuality "1"]

1. d4 Nf6 2. Nf3 d5 3. Bg5 e6 4. Nbd2 Be7 5. e3 c5 6. c3 Nc6 7. Bd3 Qb6 8. Rb1 cxd4 9. exd4 h6 10. Bh4 Qc7 11. 0-0 Nh5 12. Bxe7 Qxe7 13. Re1 Nf4 14. Bc2 Bd7 15. g3 Nh3+ 16. Kg2 Ng5 17. Ne5 Nxe5 18. Rxe5 0-0-0 19. Ba4 f6 20. Re3 Kb8 21. f4 Nf7 22. Bxd7 Rxd7 23. Qe2 Re8 24. Re1 Rd6 25. f5 Nd8 26. Nb3 b6 27. Qb5 Qd7 28. Qb4 Nc6 29. Nc5 Nxb4 30. Nxd7+ Rxd7 31. cxb4 Rde7 32. fxe6 Kc7 33. b5 Kd6 34. Kf3 Rxe6 35. Rxe6+ Rxe6 36. Rxe6+ Kxe6 37. b4 Kf5 38. h4 g5 39. hxg5 Kxg5 40. a3 f5 41. a4 h5 42. a5 f4 0-1

[Event "FIN-chT 1617"]
[Site "Finland"]
[Date "2016.12.10"]
[Round "5.3"]
[White "Tuominen, Risto"]
[Black "Nevanlinna, Risto"]
[Result "1-0"]
[WhiteElo "2303"]
[BlackElo "2263"]
[PlyCount "97"]
[EventDate "2016.09.17"]
[EventType "team-tourn"]
[EventRounds "11"]
[EventCountry "FIN"]
[SourceTitle "EXT 2018"]
[Source "ChessBase"]
[SourceDate "2017.10.13"]
[SourceVersion "1"]
[SourceVersionDate "2017.10.13"]
[SourceQuality "1"]
[WhiteTeam "Turku TuTS"]
[BlackTeam "Jyvaskyla JyS"]
[WhiteTeamCountry "FIN"]
[BlackTeamCountry "FIN"]

1. c4 e5 2. Nc3 Be7 3. g3 f5 4. Bg2 Nf6 5. e3 0-0 6. Nge2 d6 7. 0-0 c6 8. d4 Qe8 9. b4 Na6 10. Rb1 Nc7 11. a4 Qf7 12. c5 Be6 13. b5 Ncd5 14. bxc6 bxc6 15. Ba3 Rfd8 16. cxd6 Bxd6 17. Bxd6 Nxc3 18. Nxc3 Rxd6 19. Nb5 Rdd8 20. Bxc6 Rac8 21. Bg2 a6 22. Na3 Ne4 23. Rb6 exd4 24. exd4 a5 25. Qe1 Rxd4 26. Qxa5 Rcd8 27. Nb5 Rd2 28. Nc3 Nf6 29. Rb7 Qh5 30. Qe5 Bf7 31. h3 h6 32. a5 Re8 33. Qf4 Rc2 34. Rc1 Rxc1+ 35. Qxc1 f4 36. Rb5 Qg6 37. Qxf4 Qc2 38. Rc5 Qb2 39. Kh2 Qa3 40. Qd4 Qa1 41. Nb5 Qa2 42. a6 Qxa6 43. Nc7 Qe2 44. Nxe8 Nxe8 45. Re5 Qa6 46. Qd8 Qa4 47. Bd5 Bxd5 48. Rxe8+ Kh7 49. Rh8+ 1-0

[Event "Salo We SalSK"]
[Site "Salo"]
[Date "2016.10.30"]
[Round "5"]
[White "Tuominen, Risto"]
[Black "Lindholm, Jere"]
[Result "1-0"]
[WhiteElo "2289"]
[BlackElo "1955"]
[PlyCount "135"]
[EventDate "2016.10.28"]
[EventType "swiss"]
[EventRounds "5"]
[EventCountry "FIN"]
[SourceTitle "EXT 2022"]
[Source "ChessBase"]
[SourceDate "2021.10.06"]
[SourceVersion "1"]
[SourceVersionDate "2021.10.06"]
[SourceQuality "1"]

1. d4 Nf6 2. c4 g6 3. Nc3 Bg7 4. e4 d6 5. Nf3 0-0 6. Be2 e5 7. d5 a5 8. Bg5 Qe8 9. 0-0 Na6 10. Nd2 Nc5 11. f3 Nh5 12. g3 Bh3 13. Re1 f5 14. exf5 gxf5 15. Nb5 Qg6 16. Bh4 Bf6 17. f4 Nxf4 18. Bxf6 Rxf6 19. Nxc7 Rc8 20. Ne6 Nfxe6 21. dxe6 f4 22. Bh5 Qg5 23. g4 Bxg4 24. Qxg4 Qxg4+ 25. Bxg4 Rg6 26. Nb3 Rxg4+ 27. Kf2 Rg6 28. Rg1 Nd3+ 29. Kf3 a4 30. Na5 Nc5 31. b4 axb3 32. Rxg6+ hxg6 33. axb3 Ra8 34. b4 Nxe6 35. Rg1 b6 36. Nb7 Kg7 37. Ke4 Nc7 38. Rd1 Ra3 39. Re1 Ne8 40. Kd5 Kf6 41. Kc6 Rc3 42. Kd7 Rxc4 43. Kxe8 Ke6 44. Rg1 Rc8+ 45. Nd8+ Kf5 46. Kd7 Rxd8+ 47. Kxd8 f3 48. Kc7 e4 49. Kxb6 e3 50. Kc7 e2 51. Re1 Kf4 52. b5 Ke3 53. b6 f2 54. Rxe2+ Kxe2 55. b7 f1Q 56. b8Q Qf7+ 57. Kc6 Qc4+ 58. Kd7 d5 59. Qb2+ Kf3 60. Qa3+ Kf4 61. Qg3+ Kf5 62. h4 Qf4 63. Qh3+ Kf6 64. Qe6+ Kg7 65. Qe1 Kh6 66. Kc6 Qe4 67. Qd2+ Kh5 68. Qg5# 1-0

[Event "FIN-chT 1516"]
[Site "Finland"]
[Date "2016.03.13"]
[Round "11.2"]
[White "Tuominen, Risto"]
[Black "Sammalvuo, Tapani"]
[Result "0-1"]
[WhiteElo "2303"]
[BlackElo "2428"]
[PlyCount "60"]
[EventDate "2015.09.12"]
[EventType "team-tourn"]
[EventRounds "11"]
[EventCountry "FIN"]
[SourceTitle "EXT 2017"]
[Source "ChessBase"]
[SourceDate "2016.10.25"]
[SourceVersion "1"]
[SourceVersionDate "2016.10.25"]
[SourceQuality "1"]
[WhiteTeam "Turku TuTS"]
[BlackTeam "Helsinki Velhot"]
[WhiteTeamCountry "FIN"]
[BlackTeamCountry "FIN"]

1. Nf3 Nf6 2. g3 d5 3. Bg2 e6 4. d3 c5 5. 0-0 Nc6 6. Nbd2 Be7 7. e4 0-0 8. Re1 b5 9. exd5 exd5 10. d4 c4 11. Nf1 Ne4 12. Ne3 f5 13. Nd2 Be6 14. Nxe4 fxe4 15. f3 exf3 16. Bxf3 Nxd4 17. Qxd4 Rxf3 18. Nxd5 Bxd5 19. Rxe7 Rf1+ 20. Kxf1 Bg2+ 21. Kxg2 Qxd4 22. Bf4 g5 23. Be3 Qf6 24. Rc7 Qe5 25. Rxa7 Qe4+ 26. Kh3 g4+ 27. Kh4 Rxa7 28. Bxa7 Qe7+ 29. Kxg4 Qxa7 30. Kf3 Qd4 0-1

[Event "Turku We TuTS"]
[Site "Turku"]
[Date "2015.11.28"]
[Round "3"]
[White "Jarvenpaa, Jari"]
[Black "Tuominen, Risto"]
[Result "0-1"]
[WhiteElo "2301"]
[BlackElo "2311"]
[PlyCount "113"]
[EventDate "2015.11.27"]
[EventType "swiss"]
[EventRounds "5"]
[EventCountry "FIN"]
[SourceTitle "EXT 2022"]
[Source "ChessBase"]
[SourceDate "2021.10.06"]
[SourceVersion "1"]
[SourceVersionDate "2021.10.06"]
[SourceQuality "1"]

1. e4 e5 2. Nf3 Nc6 3. Bb5 Nf6 4. d3 Bc5 5. c3 Qe7 6. 0-0 a6 7. Bxc6 dxc6 8. Nxe5 Qxe5 9. d4 Qe7 10. dxc5 Qxc5 11. Be3 Qe7 12. f3 0-0 13. Qe2 Re8 14. Nd2 b6 15. Rfe1 a5 16. Qf2 Ba6 17. c4 c5 18. b3 Nd7 19. Bf4 Ne5 20. Bxe5 Qxe5 21. Nf1 a4 22. Rad1 Rad8 23. Qg3 Qxg3 24. Nxg3 Kf8 25. Kf2 g6 26. Ne2 Bb7 27. Nc3 Bc6 28. Ke3 Ke7 29. bxa4 Ra8 30. Rd2 Ke6 31. f4 h5 32. Rf1 Kf6 33. e5+ Kf5 34. Kf2 Red8 35. Re2 Rd3 36. Re3 Rd4 37. g3 Rxc4 38. e6 fxe6 39. Rfe1 Re8 40. R1e2 Bxa4 41. Nd5 exd5 42. Rxe8 Bxe8 43. Rxe8 Rc2+ 44. Kf3 Rc3+ 45. Kf2 Ra3 46. Rf8+ Ke4 47. Re8+ Kd4 48. Re6 Rxa2+ 49. Kf3 Rxh2 50. Rxg6 c4 51. Rc6 c3 52. f5 Ra2 53. Rxc7 b5 54. f6 Ra6 55. f7 Rf6+ 56. Ke2 b4 57. Rc6 0-1

[Event "FIN-chT 1516"]
[Site "Finland"]
[Date "2015.11.07"]
[Round "5.3"]
[White "Ronka, Erik"]
[Black "Tuominen, Risto"]
[Result "0-1"]
[WhiteElo "2250"]
[BlackElo "2303"]
[PlyCount "80"]
[EventDate "2015.09.12"]
[EventType "team-tourn"]
[EventRounds "11"]
[EventCountry "FIN"]
[SourceTitle "EXT 2017"]
[Source "ChessBase"]
[SourceDate "2016.10.25"]
[SourceVersion "1"]
[SourceVersionDate "2016.10.25"]
[SourceQuality "1"]
[WhiteTeam "Vantaa EtVaS"]
[BlackTeam "Turku TuTS"]
[WhiteTeamCountry "FIN"]
[BlackTeamCountry "FIN"]

1. d4 Nf6 2. c4 e6 3. Nc3 Bb4 4. a3 Bxc3+ 5. bxc3 c5 6. f3 d5 7. cxd5 Nxd5 8. Qd3 0-0 9. e4 Ne7 10. Be3 Qa5 11. Qd2 Rd8 12. Bd3 Nec6 13. Ne2 b6 14. Ra2 Ba6 15. Bxa6 Nxa6 16. f4 Rac8 17. 0-0 cxd4 18. cxd4 Qxd2 19. Rxd2 Na5 20. Bf2 Nc5 21. Ng3 Nab3 22. Rdd1 Na4 23. Rb1 Nd2 24. Rb4 Nxf1 25. Kxf1 Rc1+ 26. Ke2 Rc2+ 27. Kf3 Rc3+ 28. Kg4 Rxa3 29. Rc4 a5 30. d5 exd5 31. exd5 b5 32. Rc7 h5+ 33. Nxh5 Rxd5 34. Rc8+ Kh7 35. Rc7 Ra2 36. Be1 Rxg2+ 37. Ng3 b4 38. Rxf7 b3 39. Rb7 b2 40. Kf3 Rg1 0-1

[Event "FIN-chT 1314"]
[Site "Finland"]
[Date "2014.02.09"]
[Round "8.3"]
[White "Jarvenpaa, Jari"]
[Black "Tuominen, Risto"]
[Result "0-1"]
[WhiteElo "2291"]
[BlackElo "2286"]
[PlyCount "82"]
[EventDate "2013.09.21"]
[EventType "team-tourn"]
[EventRounds "11"]
[EventCountry "FIN"]
[SourceTitle "EXT 2015"]
[Source "ChessBase"]
[SourceDate "2014.11.20"]
[SourceVersion "1"]
[SourceVersionDate "2014.11.20"]
[SourceQuality "1"]
[WhiteTeam "Salo SalSK"]
[BlackTeam "Turku TuTS"]
[WhiteTeamCountry "FIN"]
[BlackTeamCountry "FIN"]

1. e4 e6 2. d4 d5 3. Nd2 a6 4. Bd3 c5 5. dxc5 Nf6 6. Qe2 Bxc5 7. exd5 0-0 8. Nb3 exd5 9. Nxc5 Re8 10. Be3 d4 11. 0-0-0 Qd5 12. Qf1 Kh8 13. Bc4 Qxc5 14. Bxd4 Qg5+ 15. f4 Qh6 16. Bxf7 Rf8 17. Bxf6 Qxf6 18. Bc4 Nc6 19. g3 b5 20. Bd5 Bf5 21. Nf3 Rac8 22. Bxc6 Rxc6 23. Nd4 Rfc8 24. Nxc6 Qxc6 25. Kb1 Bxc2+ 26. Ka1 Bxd1 27. Qxd1 Qg2 28. Qf1 Rc2 29. Qxg2 Rxg2 30. a4 bxa4 31. Ka2 h5 32. Rc1 Rxh2 33. Rc3 Rf2 34. Rc5 g6 35. Rg5 Kh7 36. Ka3 Kh6 37. Ka2 Rf3 38. Kb1 Rb3 39. Ka2 Rb5 40. Rxb5 axb5 41. Ka3 g5 0-1

[Event "FIN-chT 1314"]
[Site "Finland"]
[Date "2013.09.22"]
[Round "2.5"]
[White "Paakkonen, Timo"]
[Black "Tuominen, Risto"]
[Result "0-1"]
[WhiteElo "2285"]
[BlackElo "2286"]
[PlyCount "112"]
[EventDate "2013.09.21"]
[EventType "team-tourn"]
[EventRounds "11"]
[EventCountry "FIN"]
[SourceTitle "EXT 2014"]
[Source "ChessBase"]
[SourceDate "2013.11.20"]
[SourceVersion "1"]
[SourceVersionDate "2013.11.20"]
[SourceQuality "1"]
[WhiteTeam "Porvoo Velhot"]
[BlackTeam "Turku TuTS"]
[WhiteTeamCountry "FIN"]
[BlackTeamCountry "FIN"]

1. e4 e6 2. d4 d5 3. e5 c5 4. c3 Nc6 5. Nf3 Bd7 6. a3 f6 7. b4 fxe5 8. Nxe5 Nxe5 9. dxe5 Qc7 10. Bf4 0-0-0 11. Bd3 g5 12. Bg3 Bg7 13. Qe2 Ne7 14. bxc5 Nc6 15. Bb5 Qa5 16. 0-0 h5 17. h3 h4 18. Bh2 Kb8 19. a4 a6 20. Bxc6 Bxc6 21. Nd2 Qxc5 22. Rab1 Ka8 23. Nb3 Qc4 24. Qe3 Bf8 25. Qxg5 Bc5 26. Qf4 Rdg8 27. Nxc5 Qxc5 28. Qd4 Qxd4 29. cxd4 Bxa4 30. f4 Bc2 31. Rb2 Be4 32. Re1 Bf5 33. Re3 Rc8 34. Kh1 Rc4 35. Bg1 b5 36. Ra3 Kb7 37. Bf2 Kb6 38. Rba2 Ra8 39. Bxh4 b4 40. Rb3 a5 41. Be7 Kb5 42. g4 Be4+ 43. Kh2 a4 44. Rbb2 a3 45. Rf2 Bb1 46. Ra1 Rc2 47. Rxc2 Bxc2 48. f5 exf5 49. Kg3 a2 50. Bg5 fxg4 51. hxg4 Kc4 52. Bc1 Bb1 53. Kf4 Rf8+ 54. Ke3 Rf1 55. Bd2 b3 56. e6 b2 0-1